Slytherin Members - Statistics

General Stats
  • This quiz has been taken 1,748 times
    1,747 since last reset
  • The average score is 15 of 28
Answer Stats
Hint Answer % Correct
Dark Lord Tom Riddle
98%
Student Draco Malfoy
97%
Founder Salazar Slytherin
95%
Professor/Headmaster Severus Snape
95%
Student Gregory Goyle
92%
Death Eater Lucius Malfoy
91%
Student Vincent Crabbe
91%
Death Eater Bellatrix Lestrange
86%
Student Pansy Parkinson
85%
Professor Horace Slughorn
73%
Death Eater Narcissa Malfoy
73%
Ghost Bloody Baron
72%
Student Blaise Zabini
68%
Student Millicent Bulstrode
52%
Wizard Regulus Black
51%
Student Marcus Flint
45%
Professor/Headmaster Phineas Black
43%
Professor/Headmaster Dolores Umbridge
40%
Death Eater Rodolphus Lestrange
32%
Witch Andromeda Tonks
22%
Student Adrian Pucey
18%
Wizard Merlin
13%
Student Terence Higgs
8%
Wizard Abraxas Malfoy
5%
Student Hestia Carrow
4%
Student Tracey Davis
4%
Student Flora Carrow
3%
Student Gemma Farley
2%
No matching quizzes found
Score Distribution
Percent of People with Each Score
Percentile by Number Answered
Your Score History
You have not taken this quiz since the last reset